00539nam a22001457a 4500003000400000005001700004008004100021040001500062100002900077245012400106260000900230300002700239500010000266504002700366OSt20171010095459.0120720t xxu||||| |||| 00| 0 eng d aMMSUcIULS aMedina, Mary Pauline A.  aPhytochemical analysis and antibacterial property of Adelfa (Nerium oleander L.) flower extractcMary Pauline A. Medina c2008 axvi, 59 leavesc28 cm. aThesis (BS Biology) -- Mariano Marcos State University-College of Arts & Sciences, Batac City  aBibliography: leaf 39